Mammals of lacreek national wildlife refuge, South Dakota (Registro nro. 11684)

Detalles MARC
000 -CABECERA
Campo de control 006070000a22001930004500
090 ## - CLASIFICACIÓN LOCAL
Colección AR
Consecutivo 02621
041 0# - IDIOMA
Código de idioma para texto/pista de sonido o título separado
100 1# - ASIENTO PRINCIPAL--NOMBRE PERSONAL
Nombre personal Wilhelm, Robert B.
245 10 - MENCION DE TITULO
Título Mammals of lacreek national wildlife refuge, South Dakota
650 14 - ASIENTO SECUNDARIO DE MATERIA - TERMINO TEMATICO
Término temático o nombre geográfico como elemento de entrada Mamíferos
650 14 - ASIENTO SECUNDARIO DE MATERIA - TERMINO TEMATICO
Término temático o nombre geográfico como elemento de entrada Biogeografía
650 14 - ASIENTO SECUNDARIO DE MATERIA - TERMINO TEMATICO
Término temático o nombre geográfico como elemento de entrada Métodos de muestreo
650 14 - ASIENTO SECUNDARIO DE MATERIA - TERMINO TEMATICO
Término temático o nombre geográfico como elemento de entrada Inventarios de mamíferos
651 #4 - ASIENTO SECUNDARIO DE MATERIA - NOMBRE GEOGRAFICO
-- Dakota del sur
-- Estados Unidos
700 1# - ASIENTO SECUNDARIO - NOMBRE PERSONAL
Nombre personal Choate, Jerry R.
700 1# - ASIENTO SECUNDARIO - NOMBRE PERSONAL
Nombre personal Jones, J. Knox
773 1# - Item fuente:
Título Museum Texas Tech University
Especificación de materiales 627
Descripción física 17
Paginas del Articulo 3-39
Lugar, editorial y fecha de publicación 1981
942 ## - ELEMENTOS ADICIONALES (KOHA)
Tipo de ítem Artículo
Existencias
Withdrawn status Lost status Damaged status No para préstamo Colección Ubicación Permanente Ubicación actual Fecha de adquisición Fuente de Valor Datos de publicación Seriada Total Checkouts Número topográfico Inventario / Código de Barras Date last seen Ejemplar Price effective from Forma de adquisición Tipo de material
      No para Préstamo Hemeroteca Bogotá Bogotá 27/02/2015 Sánchez, Enrique Fuera de circulación   AR 02621 013034 25/03/2015 1 25/03/2015   Artículo